000 01518nam a22003375 4500
001 sjds1508893
003 sjds
005 20240317194958.0
008 060619s1994 j 1 spa
010 _aBD 95643040
020 _a059048852X (pbk.) ;
_c3.50
020 _a9780590488525 (pbk)
035 _a48044814
035 _a48044814
040 _csjds
041 _aspa
_heng
100 1 _aBridwell, Norman.
245 1 0 _aLa primera navidad de Clifford /
_cNorman Bridwell.
260 _aNew York :
_bScholastic,
_cc1994.
300 _a1 volume (unpaged) :
_bcolored illustrations ;
_c21 cm
440 _aClifford : el gran perro colorado
500 _aBrodart Bibz On-Order Record
942 _cBK
999 _c18972
_d18972